000 00393nam a22001217a 4500
999 _c3321
_d3321
008 200608b ||||| |||| 00| 0 eng d
110 _92794
_aTanker Structure Co-operative Forum
245 1 0 _aBallast tank coating systems and surface /
_cby Tanker Structure Co-operative Forum
260 _aLondon :
_bTanker Structure Co-operative Forum,
_c2010
300 _ax
650 0 _aTankers
942 _cBK